|
|
|
|
| LEADER |
01038nam a2200289 a 4500 |
| 001 |
2656 |
| 003 |
BD-DhAAL |
| 005 |
20150316094223.0 |
| 008 |
150316s1994 caua b 001 0 eng |
| 010 |
|
|
|a 93030874
|
| 020 |
|
|
|a 080395235X
|
| 020 |
|
|
|a 0803952368 (pbk.)
|
| 040 |
|
|
|a DLC
|c DLC
|d DLC
|d BD-DhAAL
|
| 050 |
0 |
0 |
|a HD58.9
|b .I473 1994
|
| 082 |
0 |
0 |
|a 658.4/09
|2 20
|
| 245 |
0 |
0 |
|a Improving organizational effectiveness through transformational leadership /
|c edited by Bernard M. Bass and Bruce J. Avolio.
|
| 260 |
|
|
|a Thousand Oaks :
|b Sage Publications,
|c c1994.
|
| 300 |
|
|
|a x, 238 p. :
|b ill. ;
|c 24 cm.
|
| 504 |
|
|
|a Includes bibliographical references and indexes.
|
| 541 |
|
|
|e 2656
|
| 650 |
|
0 |
|a Organizational effectiveness.
|9 9698
|
| 650 |
|
0 |
|a Leadership.
|9 9699
|
| 700 |
1 |
|
|a Bass, Bernard M.
|9 9700
|
| 700 |
1 |
|
|a Avolio, Bruce J.
|9 9701
|
| 942 |
|
|
|2 ddc
|c BK
|
| 999 |
|
|
|c 34057
|d 34057
|
| 952 |
|
|
|0 0
|1 0
|2 ddc
|4 0
|6 658_409000000000000_IMP
|7 0
|9 53148
|a SCL
|b SCL
|c GEN
|d 2015-03-16
|l 0
|o 658.409 IMP
|p 3020002656
|r 2015-03-16
|t 1
|w 2015-03-16
|y BK
|